000 00281nam a2200109Ia 4500
001 588686
005 20250717120836.0
008 250717s9999 xx 000 0 und d
245 0 _aY-3 BİR ÖMÜR NASIL YAŞANIR
_cİLBER ORTAYLI
260 _bKRONİK YAYINLARI
_c2020
300 _b285
999 _c588686
_d588686